Backlit on the Big Screen Quiz Stats

 Plays Quiz Updated Aug 8, 2016

Score 0/25 Timer 07:00
2 Plays Today
% Correct
Top Gun
94.6%
300
81.2%
Gone with the Wind
77.9%
Flashdance
77.3%
Star Wars: Episode V -- The Empire Strikes Back
74.9%
Aliens
74.6%
The Exorcist
64.7%
A Nightmare on Elm Street
61.7%
The Sound of Music
52.1%
A Clockwork Orange
43.3%
Raiders of the Lost Ark
41.4%
Kill Bill: Vol. 2
38.4%
Apocalypse Now
34.3%
% Correct
Citizen Kane
22.4%
Poltergeist
21.6%
The Third Man
20.2%
Skyfall
19.4%
Lawrence of Arabia
18.7%
Sunshine
18%
The Seventh Seal
17.8%
The Searchers
16.1%
Punch-Drunk Love
11.2%
To Catch a Thief
8.1%
Days of Heaven
6.9%
The Night of the Hunter
6%

You're not logged in!

Compare scores with friends on all Sporcle quizzes.
OR
Log In

Sporcle TV

Today on Sporcle TV


Watch our educational content, quiz creation guides, and fun videos on Sporcle TV.

Show Comments

Extras

Top Quizzes Today


Score Distribution

Your Account Isn't Verified!

In order to create a playlist on Sporcle, you need to verify the email address you used during registration. Go to your Sporcle Settings to finish the process.

Report this User

Report this user for behavior that violates our Community Guidelines.

Details: